[Event "Bad Woerishofen 2017 - Senioren"]
[Site "Bad Woerishofen"]
[Date "2017.03.14"]
[Round "5.2"]
[White "Berry, Stephen"]
[Black "Neese, Hans-Joachim"]
[Result "1-0"]
[WhiteElo "2272"]
[BlackElo "2106"]
[Annotator "chessorg"]
[PlyCount "113"]
[EventDate "2017.??.??"]
[WhiteTeam "Wimbledon"]

1. c4 Nf6 2. Nc3 g6 3. Nf3 Bg7 4. g3 c5 5. Bg2 Nc6 6. d4 cxd4 7. Nxd4 O-O 8.
O-O Nxd4 9. Qxd4 d6 10. Qd3 Ng4 11. Bd2 Ne5 12. Qe4 Rb8 13. b3 Bf5 14. Qh4 Re8
15. Rac1 f6 16. h3 g5 17. Qd4 Nc6 18. Qe3 Qd7 19. Kh2 Kh8 20. f4 gxf4 21. gxf4
e5 22. Qf2 e4 23. Be3 b6 24. Rcd1 Rbd8 25. Rg1 Qe6 26. Rd2 Rd7 27. Rgd1 Red8
28. Nb5 Bf8 29. Nd4 Nxd4 30. Bxd4 Re8 31. e3 Rg7 32. Rg1 Be7 33. Bf1 Reg8 34.
Rxg7 Rxg7 35. Qh4 Qf7 36. Rg2 Kg8 37. Rxg7+ Kxg7 38. Be2 Qg6 39. Bg4 Bxg4 40.
hxg4 Qh6 41. Kg3 Qxh4+ 42. Kxh4 Kf7 43. Kh5 Bf8 44. a4 Be7 45. Kh6 Kg8 46. a5
bxa5 47. Bxa7 Bf8+ 48. Kh5 Kf7 49. f5 d5 50. cxd5 Bb4 51. Bd4 Be7 52. Bb6 Bb4
53. Kh6 Kg8 54. Bc7 Bf8+ 55. Kh5 Bc5 56. d6 Kf7 57. d7 1-0

[Event "Bad Woerishofen 2017 - Senioren"]
[Site "Bad Woerishofen"]
[Date "2017.03.14"]
[Round "5.3"]
[White "Kierzek, Matthias"]
[Black "Baum, Bernd"]
[Result "1-0"]
[WhiteElo "2245"]
[BlackElo "2223"]
[Annotator "chessorg"]
[PlyCount "91"]
[EventDate "2017.??.??"]
[WhiteTeam "SC Fulda"]
[BlackTeam "SC Fulda"]

1. d4 d5 2. c4 c6 3. Nf3 Nf6 4. e3 g6 5. Nc3 Bg7 6. Be2 O-O 7. O-O e6 8. b4
Nbd7 9. Bb2 Qe7 10. Qb3 b6 11. cxd5 Nxd5 12. Nxd5 cxd5 13. b5 Re8 14. Rfc1 Qd8
15. Rc2 Bb7 16. Rac1 Bf8 17. Ba3 Qb8 18. Bxf8 Rxf8 19. Qb4 Re8 20. h4 h6 21. a4
a5 22. Qa3 Kg7 23. Rc3 Kg8 24. R3c2 Kg7 25. g4 Kg8 26. g5 h5 27. Qb2 Qd6 28.
Ne5 Rac8 29. Rxc8 Rxc8 30. Rxc8+ Bxc8 31. Qc2 Bb7 32. Nxg6 e5 33. Nxe5 Nxe5 34.
dxe5 Qxe5 35. Bf3 Kg7 36. Kg2 Qe6 37. Qc3+ Kg8 38. Qf6 Bc8 39. Qxe6 Bxe6 40.
Bxh5 d4 41. Bd1 dxe3 42. fxe3 Kg7 43. Kf3 f6 44. Kf4 Kf7 45. h5 Bc4 46. Bc2 1-0

[Event "Bad Woerishofen 2017 - Senioren"]
[Site "Bad Woerishofen"]
[Date "2017.03.15"]
[Round "5.4"]
[White "Waltenberger, Udo"]
[Black "Norman, Kenneth"]
[Result "1/2-1/2"]
[WhiteElo "2055"]
[BlackElo "2136"]
[Annotator "chessorg"]
[PlyCount "77"]
[EventDate "2017.??.??"]
[WhiteTeam "SV Eiche Reichenbrand"]

1. Nf3 Nf6 2. g3 g6 3. Bg2 Bg7 4. O-O O-O 5. d4 d5 6. Nbd2 c6 7. c4 a5 8. b3
Bf5 9. Bb2 Ne4 10. Nh4 Nxd2 11. Qxd2 Be6 12. Rac1 a4 13. cxd5 cxd5 14. Nf3 axb3
15. axb3 Bd7 16. Ne5 Bb5 17. Rc5 Bc6 18. Ra1 Rxa1+ 19. Bxa1 e6 20. b4 Qb6 21.
Nxc6 Nxc6 22. b5 Na5 23. Qc3 Bf6 24. e3 Rd8 25. Bf1 Kg7 26. Qc2 Ra8 27. Rc8
Rxc8 28. Qxc8 Qd8 29. Qxd8 Bxd8 30. Bc3 b6 31. Bb4 Nb7 32. Bd3 Bc7 33. Kf1 f5
34. Ke2 Bd6 35. Bxd6 Nxd6 36. f3 g5 37. h3 h6 38. f4 g4 39. h4 1/2-1/2

[Event "Bad Woerishofen 2017 - Senioren"]
[Site "Bad Woerishofen"]
[Date "2017.03.14"]
[Round "5.5"]
[White "Pribyl, Josef"]
[Black "Dahlhaus, Friedhelm"]
[Result "1-0"]
[WhiteElo "2263"]
[BlackElo "2059"]
[Annotator "chessorg"]
[PlyCount "71"]
[EventDate "2017.??.??"]
[WhiteTeam "SC 1868 Bamberg"]
[BlackTeam "DJK Wacker Bergeborbeck 1922"]

1. d4 d5 2. Nf3 Nf6 3. Bf4 c6 4. e3 Bf5 5. Be2 e6 6. Nbd2 Bd6 7. Ne5 Bxe5 8.
Bxe5 Nbd7 9. g4 Bg6 10. Bg3 h5 11. g5 h4 12. Bd6 Ne4 13. Nxe4 dxe4 14. Rg1 Qa5+
15. Qd2 Qd5 16. Bf4 b5 17. a4 O-O 18. b3 Nb6 19. a5 Nc8 20. c4 Qd7 21. Rg4 Ne7
22. Rc1 Rac8 23. Rxh4 Nf5 24. Rh3 Rfd8 25. c5 e5 26. Bxe5 Nxd4 27. exd4 Qxh3
28. Rc3 Qg2 29. Qf4 Qh1+ 30. Bf1 Re8 31. Rh3 e3 32. Qh4 exf2+ 33. Kxf2 f6 34.
gxf6 Kf7 35. fxg7 Rxe5 36. dxe5 1-0

[Event "Bad Woerishofen 2017 - Senioren"]
[Site "Bad Woerishofen"]
[Date "2017.03.15"]
[Round "5.6"]
[White "Keller, Harald"]
[Black "Daeubler, Heinrich"]
[Result "0-1"]
[WhiteElo "2075"]
[BlackElo "2161"]
[Annotator "chessorg"]
[PlyCount "82"]
[EventDate "2017.??.??"]
[WhiteTeam "SV Rottweil"]
[BlackTeam "SC Haselmuehl"]

1. e4 g6 2. d4 Bg7 3. Nc3 d6 4. Be2 a6 5. a4 Nc6 6. Be3 Nf6 7. g4 h5 8. g5 Ng4
9. Bxg4 Bxg4 10. f3 Bd7 11. Nge2 O-O 12. O-O Bh3 13. Rf2 e5 14. d5 Nd4 15. Kh1
Nxe2 16. Nxe2 Qe7 17. Qd2 Rfc8 18. Rd1 Bf8 19. a5 b6 20. b3 Qd8 21. Ng1 Bd7 22.
Ne2 Bh3 23. Ng1 Bd7 24. Ne2 Be7 25. h4 bxa5 26. Qxa5 c5 27. Ra1 Qxa5 28. Rxa5
Bd8 29. Ra3 a5 30. Bd2 a4 31. b4 cxb4 32. Bxb4 Rxc2 33. Bxd6 Bb5 34. Nc3 Rxf2
35. Nxb5 Rc8 36. Nc3 Rxf3 37. Bxe5 Ba5 38. Nb5 Rxa3 39. Nxa3 Re8 40. Bf6 Rxe4
41. d6 Kf8 0-1

[Event "Bad Woerishofen 2017 - Senioren"]
[Site "Bad Woerishofen"]
[Date "2017.03.15"]
[Round "5.7"]
[White "Hunold, Rolf"]
[Black "Kelchner, Hans"]
[Result "0-1"]
[WhiteElo "2081"]
[BlackElo "2152"]
[Annotator "chessorg"]
[PlyCount "80"]
[EventDate "2017.??.??"]
[WhiteTeam "Schachverein Letmathe 1933 e.V."]

1. e4 c6 2. d4 d5 3. e5 c5 4. c3 cxd4 5. cxd4 Nc6 6. Nc3 e6 7. Nf3 Nge7 8. Bd3
Qb6 9. O-O Ng6 10. h4 Bd7 11. h5 Nge7 12. Na4 Qc7 13. Nc5 Nxd4 14. Nxd4 Qxc5
15. Be3 Qc7 16. f4 Nc6 17. Rc1 Qa5 18. Qg4 g6 19. Nb5 a6 20. Nd6+ Bxd6 21. exd6
d4 22. Bf2 Qd5 23. hxg6 hxg6 24. Bh4 Qxd6 25. Rce1 Ne7 26. Bf6 Rh7 27. Be4 d3
28. Rf2 Qb4 29. Qd1 Bb5 30. b3 Rd8 31. a4 d2 32. Re3 Bc6 33. Bxc6+ bxc6 34. Bc3
Qc5 35. Ref3 Nf5 36. Bxd2 Ne3 37. Qc1 Qxc1+ 38. Bxc1 Rd1+ 39. Rf1 Nxf1 40. Rxf1
Rh1+ 0-1

[Event "Bad Woerishofen 2017 - Senioren"]
[Site "Bad Woerishofen"]
[Date "2017.03.14"]
[Round "5.8"]
[White "Bhend, Edwin"]
[Black "Gerl, Hans"]
[Result "1-0"]
[WhiteElo "2138"]
[BlackElo "2043"]
[Annotator "chessorg"]
[PlyCount "73"]
[EventDate "2017.??.??"]
[WhiteTeam "ohne"]
[BlackTeam "SC Bayerwald Regen/Zwiesel e.V."]

1. d4 Nf6 2. Nc3 d5 3. Bg5 Bf5 4. e3 Nbd7 5. Bd3 Bxd3 6. cxd3 h6 7. Bxf6 Nxf6
8. Qb3 b6 9. Nf3 c6 10. Ne5 Qd6 11. O-O e6 12. Qa4 b5 13. Qa6 Be7 14. Qxc6+
Qxc6 15. Nxc6 a6 16. a4 b4 17. Na2 a5 18. Nc1 Bd6 19. Nb3 Bc7 20. Rfc1 Bb6 21.
Ncxa5 O-O 22. Nc6 Kh7 23. Ne5 g5 24. h3 Kg7 25. Rc6 Bd8 26. a5 Be7 27. Rac1 Ra7
28. Rc7 Rxc7 29. Rxc7 Bd6 30. Rb7 Ng8 31. Rd7 Bxe5 32. dxe5 Re8 33. Nd4 Ne7 34.
Rb7 Ng6 35. a6 Nxe5 36. a7 Ra8 37. Nxe6+ 1-0

[Event "Bad Woerishofen 2017 - Senioren"]
[Site "Bad Woerishofen"]
[Date "2017.03.15"]
[Round "5.9"]
[White "Weenink, Henk"]
[Black "Bohnstorff, Michael"]
[Result "1/2-1/2"]
[WhiteElo "2132"]
[BlackElo "2042"]
[Annotator "chessorg"]
[PlyCount "46"]
[EventDate "2017.??.??"]
[WhiteTeam "SC Soest 1922"]
[BlackTeam "SC Turm Lueneburg e.V."]

1. e4 g6 2. d4 Bg7 3. Nc3 d6 4. Be2 Nd7 5. Be3 c6 6. h4 h5 7. Nh3 Nf8 8. Qd2
Bxh3 9. Rxh3 Nd7 10. Rd1 Qc7 11. a4 Bh6 12. f4 Ngf6 13. d5 a6 14. dxc6 Qxc6 15.
Bf3 Qc7 16. Nd5 Nxd5 17. Qxd5 Nf6 18. Qb3 Rc8 19. c3 Nd7 20. g3 Bg7 21. Rh2 b6
22. Rhd2 Nc5 23. Qc2 Qc6 1/2-1/2

[Event "Bad Woerishofen 2017 - Senioren"]
[Site "Bad Woerishofen"]
[Date "2017.03.14"]
[Round "5.11"]
[White "Zunker, Reinhard"]
[Black "Vonach, Bernhard"]
[Result "1-0"]
[WhiteElo "2121"]
[BlackElo "1992"]
[Annotator "chessorg"]
[PlyCount "105"]
[EventDate "2017.??.??"]
[WhiteTeam "SV 1920 Hofheim"]
[BlackTeam "SF Windach"]

1. e4 e5 2. Nf3 Nc6 3. Bb5 a6 4. Ba4 Nf6 5. O-O Be7 6. Re1 b5 7. Bb3 d6 8. c3
O-O 9. d3 Na5 10. Bc2 c5 11. Nbd2 Qc7 12. Nf1 Nc6 13. Bg5 Ne8 14. Ne3 Bxg5 15.
Nxg5 f6 16. Bb3+ Kh8 17. Nxh7 Rf7 18. Qh5 g6 19. Qxg6 c4 20. dxc4 Be6 21. Ng5
fxg5 22. Qxe6 Rf6 23. Qh3+ Qh7 24. Qxh7+ Kxh7 25. cxb5 axb5 26. Bd5 Ra6 27. Ng4
Rf4 28. f3 Nf6 29. Nxf6+ Rxf6 30. Red1 Kg7 31. c4 bxc4 32. Bxc4 Rb6 33. Rd2 Nd4
34. Rf2 Rf8 35. b3 Rfb8 36. Rd2 Kf6 37. Kf2 Ra8 38. Rb1 Ra3 39. Ke3 Ke7 40.
Rbb2 Nc6 41. g3 Rb4 42. Bd5 Nd4 43. h4 gxh4 44. gxh4 Rb8 45. Rg2 Rf8 46. Rg7+
Kd8 47. Rg8 Ke8 48. Rbg2 Rxg8 49. Bxg8 Kf8 50. Bc4 Ke7 51. h5 Ra8 52. Rg7+ Kf6
53. Rg6+ 1-0

[Event "Bad Woerishofen 2017 - Senioren"]
[Site "Bad Woerishofen"]
[Date "2017.03.14"]
[Round "5.12"]
[White "Maes, Valery"]
[Black "Kierzek, Mira"]
[Result "1/2-1/2"]
[WhiteElo "2097"]
[BlackElo "1974"]
[Annotator "chessorg"]
[PlyCount "31"]
[EventDate "2017.??.??"]
[WhiteTeam "Krefelder SK Turm 1851 e.V."]
[BlackTeam "SC Fulda"]

1. d4 Nf6 2. Nf3 e6 3. Bg5 c5 4. e3 Qb6 5. Qc1 Be7 6. c3 d5 7. Nbd2 Nbd7 8. Bd3
h6 9. Bh4 Qc7 10. Bg3 Bd6 11. Bxd6 Qxd6 12. O-O O-O 13. Re1 Rb8 14. e4 dxe4 15.
Nxe4 Nxe4 16. Bxe4 1/2-1/2

[Event "Bad Woerishofen 2017 - Senioren"]
[Site "Bad Woerishofen"]
[Date "2017.03.15"]
[Round "5.13"]
[White "Glatthor, Thomas"]
[Black "Rueberg, Jobst"]
[Result "1/2-1/2"]
[WhiteElo "2032"]
[BlackElo "2091"]
[Annotator "chessorg"]
[PlyCount "88"]
[EventDate "2017.??.??"]
[WhiteTeam "SG Hermsdorf"]
[BlackTeam "SV Ahlen 1954 e.V."]

1. Nf3 Nf6 2. g3 b6 3. Bg2 Bb7 4. d4 e6 5. O-O Be7 6. c4 O-O 7. Nc3 Na6 8. Re1
Ne4 9. Nxe4 Bxe4 10. Nd2 Bxg2 11. Kxg2 c6 12. e4 d5 13. a3 c5 14. dxc5 Nxc5 15.
cxd5 exd5 16. e5 Qd7 17. Nb3 Nxb3 18. Qxb3 Rad8 19. Qd3 Qe6 20. Bd2 Rd7 21.
Rac1 f6 22. f4 fxe5 23. Rxe5 Qf7 24. Re2 Bf6 25. Bb4 Re8 26. Rxe8+ Qxe8 27. Re1
Qf7 28. Re2 h6 29. a4 d4 30. b3 Qd5+ 31. Kg1 Kf7 32. h4 Rc7 33. Bd2 Qc6 34. Qf5
Re7 35. Rxe7+ Kxe7 36. Qd3 Qd5 37. Kf2 Qh1 38. Qf3 Qh2+ 39. Ke1 Qg1+ 40. Ke2
Qh2+ 41. Kd3 Kf7 42. h5 Kg8 43. g4 Qg1 44. Ke4 Qb1+ 1/2-1/2

[Event "Bad Woerishofen 2017 - Senioren"]
[Site "Bad Woerishofen"]
[Date "2017.03.15"]
[Round "5.14"]
[White "Krotofil, Kurt"]
[Black "Weinwurm, Wolfgang"]
[Result "0-1"]
[WhiteElo "1943"]
[BlackElo "2133"]
[Annotator "chessorg"]
[PlyCount "60"]
[EventDate "2017.??.??"]
[WhiteTeam "Niendorfer TSV 1919 SAbt"]
[BlackTeam "Ternitz"]

1. d4 Nf6 2. c4 g6 3. Nc3 d5 4. Bf4 Bg7 5. e3 c5 6. dxc5 Qa5 7. Qa4+ Qxa4 8.
Nxa4 Bd7 9. Nc3 Ne4 10. Nxe4 dxe4 11. O-O-O Na6 12. Ne2 Nxc5 13. Nc3 Bxc3 14.
bxc3 Rc8 15. Be2 f6 16. h4 Be6 17. Kc2 O-O 18. Rb1 b6 19. Rhd1 Rc6 20. Rd4 Rfc8
21. g4 Nd3 22. f3 Nxf4 23. exf4 exf3 24. Bxf3 Rxc4 25. Rxc4 Rxc4 26. Re1 Kf7
27. Re4 Rxe4 28. Bxe4 Bxg4 29. Kd3 Bf5 30. Bxf5 gxf5 0-1

[Event "Bad Woerishofen 2017 - Senioren"]
[Site "Bad Woerishofen"]
[Date "2017.03.15"]
[Round "5.15"]
[White "Witte, Manfred"]
[Black "Ilyes, Peter"]
[Result "1/2-1/2"]
[WhiteElo "2155"]
[BlackElo "1968"]
[Annotator "chessorg"]
[PlyCount "106"]
[EventDate "2017.??.??"]
[WhiteTeam "VfB Hermsdorf e.V."]

1. c4 Nf6 2. g3 g6 3. Bg2 Bg7 4. Nf3 O-O 5. O-O d6 6. Nc3 Nbd7 7. d3 c6 8. Rb1
a5 9. e4 e5 10. d4 Re8 11. b3 Nf8 12. d5 c5 13. Ne1 Nh5 14. Nd3 h6 15. Be3 Nf6
16. f3 g5 17. Qd2 Ng6 18. Rf2 Bd7 19. a4 Nh5 20. Nb5 Ra6 21. Qe2 Qc8 22. Nc3 f5
23. exf5 Ngf4 24. Qd2 Bxf5 25. Ne4 Nxg2 26. Kxg2 Nf4+ 27. Kh1 Rf8 28. gxf4 exf4
29. Bxf4 gxf4 30. Qxf4 Bh7 31. Qh4 Kh8 32. Rbf1 Rb6 33. Nc1 Qe8 34. Re2 Qf7 35.
Ng3 Re8 36. Qg4 Be5 37. Qh5 Qxh5 38. Nxh5 Bg6 39. Ng3 Bf4 40. Rxe8+ Bxe8 41.
Nge2 Be3 42. Kg2 Kg7 43. Kg3 Bg6 44. f4 Bh5 45. f5 Kf6 46. h3 Bd2 47. Nf4 Be8
48. Nfd3 Bd7 49. Rf2 Be3 50. Rf3 Bd2 51. Rf2 Bg5 52. h4 Be3 53. Rf3 Bd2 1/2-1/2

[Event "Bad Woerishofen 2017 - Senioren"]
[Site "Bad Woerishofen"]
[Date "2017.03.15"]
[Round "5.16"]
[White "Leutz, Hans"]
[Black "Gundersen, Helge"]
[Result "0-1"]
[WhiteElo "1968"]
[BlackElo "2134"]
[Annotator "chessorg"]
[PlyCount "108"]
[EventDate "2017.??.??"]

1. d4 e6 2. Nf3 f5 3. g3 Nf6 4. Bg2 d5 5. O-O c6 6. b3 Bd6 7. Ba3 Bxa3 8. Nxa3
Qd6 9. Qc1 Nbd7 10. c4 O-O 11. Qb2 f4 12. Ne5 fxg3 13. fxg3 Nxe5 14. dxe5 Qc5+
15. Kh1 Ng4 16. Rxf8+ Kxf8 17. Bf3 Nh6 18. b4 Qe7 19. Qd2 a5 20. c5 axb4 21.
Qxb4 b5 22. Rc1 Qg5 23. Rf1 Ke7 24. Nxb5 Qxe5 25. Nd4 Ra6 26. Rb1 Nf5 27. Nxf5+
exf5 28. Qb8 Qxb8 29. Rxb8 Kd8 30. Rb2 Ra5 31. Rc2 Ba6 32. g4 fxg4 33. Bxg4 Bc4
34. Bf5 g6 35. Bd3 Rxa2 36. Rxa2 Bxa2 37. Bc2 Bc4 38. e3 Ke7 39. Kg2 Kf6 40. h4
h6 41. Kg3 g5 42. hxg5+ hxg5 43. Ba4 Bb5 44. Bc2 Ba6 45. Ba4 Bb7 46. Kf3 Ke5
47. Bc2 Bc8 48. Bg6 Bd7 49. Bc2 d4 50. e4 Be8 51. Ba4 Bh5+ 52. Kf2 Be8 53. Kf3
g4+ 54. Kxg4 Kxe4 0-1

[Event "Bad Woerishofen 2017 - Senioren"]
[Site "Bad Woerishofen"]
[Date "2017.03.15"]
[Round "5.17"]
[White "Castellano, Alfonso"]
[Black "Lange, Manfred"]
[Result "0-1"]
[WhiteElo "1916"]
[BlackElo "2081"]
[Annotator "chessorg"]
[PlyCount "72"]
[EventDate "2017.??.??"]
[BlackTeam "SV Würzburg von 1865 e.V."]

1. c4 Nf6 2. g3 g6 3. Bg2 Bg7 4. Nc3 O-O 5. e4 d6 6. Nge2 e5 7. O-O Be6 8. d3
Nc6 9. Nd5 Ne7 10. Bg5 Nfxd5 11. cxd5 Bg4 12. f3 Bd7 13. Qd2 c6 14. Nc3 f6 15.
Be3 cxd5 16. exd5 Nf5 17. Ne4 Nxe3 18. Qxe3 f5 19. Nxd6 f4 20. Qc5 fxg3 21.
hxg3 e4 22. dxe4 Bxb2 23. Rab1 Qf6 24. Rfd1 Be5 25. Nc4 Rac8 26. Nxe5 Rxc5 27.
Nxd7 Qd6 28. Nxf8 Kxf8 29. f4 Rc2 30. Kh2 Qc5 31. Rb3 Rxg2+ 32. Kxg2 Qc2+ 33.
Kh3 Qxd1 34. Rb2 Qh1+ 35. Kg4 Qxe4 36. Rxb7 Qf5+ 0-1

[Event "Bad Woerishofen 2017 - Senioren"]
[Site "Bad Woerishofen"]
[Date "2017.03.15"]
[Round "5.18"]
[White "Heppell, Ian"]
[Black "Korth, Manfred"]
[Result "1/2-1/2"]
[WhiteElo "2077"]
[BlackElo "1929"]
[Annotator "chessorg"]
[PlyCount "71"]
[EventDate "2017.??.??"]
[WhiteTeam "Wimbledon"]
[BlackTeam "SC Heideck-Hilpoltstein"]

1. e4 d6 2. d4 Nf6 3. Nc3 Nbd7 4. Nf3 e5 5. g4 h6 6. Bc4 c6 7. g5 Ng8 8. Rg1 g6
9. Be3 b5 10. Bb3 a5 11. a3 Qc7 12. d5 Bb7 13. dxc6 Bxc6 14. Nd5 Qb7 15. gxh6
Ngf6 16. Ng5 Bxd5 17. Bxd5 Nxd5 18. exd5 Nf6 19. Qf3 Be7 20. Rd1 Rc8 21. c3 b4
22. axb4 axb4 23. Qh3 Qd7 24. Qxd7+ Nxd7 25. cxb4 Rb8 26. Rc1 Nf6 27. Ba7 Ra8
28. Rg3 Rxa7 29. Rc8+ Bd8 30. Ra3 Rxa3 31. bxa3 Rxh6 32. Rxd8+ Ke7 33. Ra8 Nxd5
34. Ra7+ Kf6 35. Ne4+ Ke6 36. Ra6 1/2-1/2

[Event "Bad Woerishofen 2017 - Senioren"]
[Site "Bad Woerishofen"]
[Date "2017.03.15"]
[Round "5.19"]
[White "Koenigl, Anton"]
[Black "Kroencke, Manfred"]
[Result "0-1"]
[WhiteElo "1922"]
[BlackElo "2076"]
[Annotator "chessorg"]
[PlyCount "70"]
[EventDate "2017.??.??"]
[WhiteTeam "FC Ergolding 1932 e.V."]
[BlackTeam "SG Glueckstadt von 1920 e. V."]

1. e4 c5 2. Nf3 e6 3. d4 cxd4 4. Nxd4 Nc6 5. c3 Qc7 6. Be3 a6 7. Nd2 Nf6 8. Be2
d5 9. Bf3 Ne5 10. Be2 dxe4 11. Bg5 Nd3+ 12. Bxd3 exd3 13. Bxf6 gxf6 14. Ne4 Qe5
15. Qxd3 f5 16. Nxf5 exf5 17. O-O-O Be6 18. Ng3 Be7 19. Rhe1 Qf4+ 20. Kb1 Rd8
21. Qc2 Rxd1+ 22. Rxd1 Qe5 23. Qa4+ b5 24. Qxa6 O-O 25. Qb7 f4 26. Ne4 f5 27.
Nd2 Rb8 28. Qa7 Bc5 29. Qa6 Qe2 30. Kc1 Rd8 31. Qa5 Qd3 32. Qc7 Qd6 33. Qb7 b4
34. g3 bxc3 35. bxc3 Ba3+ 0-1

[Event "Bad Woerishofen 2017 - Senioren"]
[Site "Bad Woerishofen"]
[Date "2017.03.15"]
[Round "5.21"]
[White "Sand, Rolf"]
[Black "Di Lazzaro, Gabriele"]
[Result "1/2-1/2"]
[WhiteElo "2041"]
[BlackElo "1914"]
[Annotator "chessorg"]
[PlyCount "88"]
[EventDate "2017.??.??"]

1. c4 e5 2. g3 Nc6 3. Bg2 Bc5 4. Nc3 Nf6 5. e3 d6 6. Nge2 Bg4 7. h3 Bd7 8. d4
Bb6 9. O-O O-O 10. a3 a5 11. b3 Rb8 12. Bb2 Re8 13. Kh2 Qc8 14. Nd5 Nxd5 15.
cxd5 Nd8 16. dxe5 dxe5 17. Rc1 Bb5 18. Re1 Bxe2 19. Rxe2 Qd7 20. Rec2 Qd6 21.
Qe2 f6 22. Qb5 Nf7 23. a4 Qe7 24. Qe2 Nd6 25. Ba3 Rec8 26. h4 Rf8 27. Qd2 g6
28. b4 Ra8 29. b5 f5 30. Bc5 Bxc5 31. Rxc5 Ne8 32. Qb2 Rf6 33. f4 e4 34. Bf1
Rd6 35. Bc4 Rad8 36. Qc3 b6 37. Rc6 h6 38. Qe5 Qf7 39. Bb3 R8d7 40. R6c3 Re7
41. Qd4 Red7 42. Rc6 h5 43. Rxd6 Nxd6 44. Rc6 Kh7 1/2-1/2

[Event "Bad Woerishofen 2017 - Senioren"]
[Site "Bad Woerishofen"]
[Date "2017.03.15"]
[Round "5.22"]
[White "Schneider, Alexander"]
[Black "Rumsey, Victor"]
[Result "1-0"]
[WhiteElo "2029"]
[BlackElo "1897"]
[PlyCount "77"]
[EventDate "2017.??.??"]
[WhiteTeam "Schachclub  WHV von 1887 e.V."]
[BlackTeam "Battersea"]

1. e4 e5 2. Nf3 Nc6 3. Bb5 a6 4. Ba4 Nf6 5. Nc3 Bd6 6. O-O O-O 7. d3 h6 8. a3
Re8 9. b4 Bf8 10. h3 d6 11. Nd5 Bd7 12. c4 Nb8 13. Be3 Bxa4 14. Qxa4 Nbd7 15.
Rfc1 c6 16. Nxf6+ Nxf6 17. Qb3 Qd7 18. Qb2 Qe6 19. Re1 Qd7 20. Rad1 Qc7 21. Bd2
b6 22. Bc3 c5 23. Nd2 Nd7 24. Nf1 g6 25. Ne3 Bg7 26. Rb1 Reb8 27. Nd5 Qd8 28.
f4 b5 29. f5 bxc4 30. dxc4 cxb4 31. axb4 Nb6 32. fxg6 fxg6 33. Ne3 a5 34. bxa5
Nxc4 35. Qa2 Rxb1 36. Rxb1 Rc8 37. Nxc4 d5 38. Rd1 Rxc4 39. Qxc4 1-0

[Event "Bad Woerishofen 2017 - Senioren"]
[Site "Bad Woerishofen"]
[Date "2017.03.15"]
[Round "5.23"]
[White "Abegg, Beat"]
[Black "Nordby, Bernt"]
[Result "0-1"]
[WhiteElo "1904"]
[BlackElo "2015"]
[Annotator "chessorg"]
[PlyCount "118"]
[EventDate "2017.??.??"]
[WhiteTeam "SK Altdorf"]
[BlackTeam "Fredrikstad SS"]

1. Nf3 Nf6 2. g3 g6 3. b3 Bg7 4. Bb2 O-O 5. Bg2 d6 6. O-O e5 7. d3 Nc6 8. e3 h6
9. Nbd2 Be6 10. h3 Qd7 11. Kh2 Nh5 12. Nh4 Kh7 13. e4 Qe8 14. Bf3 Nf6 15. Nc4
Rd8 16. Ne3 d5 17. exd5 Nxd5 18. Bg2 Qd7 19. Qe2 Nde7 20. Nc4 g5 21. Nf3 Bxc4
22. bxc4 e4 23. Qxe4+ f5 24. Qe3 Bxb2 25. Rab1 Bg7 26. Rxb7 Rfe8 27. Qd2 Rb8
28. Rfb1 Rxb7 29. Rxb7 Rb8 30. Rxb8 Nxb8 31. h4 g4 32. Ng1 Nbc6 33. Ne2 Ne5 34.
Qe3 a5 35. Nf4 N7c6 36. Nd5 Nd4 37. c3 Ndf3+ 38. Bxf3 Nxf3+ 39. Kg2 c6 40. Qe7
Qxe7 41. Nxe7 c5 42. Nxf5 Ne1+ 43. Kf1 Nxd3 44. Ne3 h5 45. Nd5 Ne5 46. Ne3 Bh6
47. Ke2 Bxe3 48. Kxe3 Nxc4+ 49. Ke4 Nb2 50. Kd5 c4 51. Kc5 Kg6 52. Kb5 a4 53.
Kc5 Kf5 54. Kd4 a3 55. Ke3 Ke5 56. f4+ gxf3 57. Kxf3 Nd1 58. g4 hxg4+ 59. Kxg4
Kf6 0-1

[Event "Bad Woerishofen 2017 - Senioren"]
[Site "Bad Woerishofen"]
[Date "2017.03.15"]
[Round "5.24"]
[White "Harsch, Martin"]
[Black "Braeu, Ludwig"]
[Result "1-0"]
[WhiteElo "2014"]
[BlackElo "1878"]
[Annotator "chessorg"]
[PlyCount "63"]
[EventDate "2017.??.??"]
[WhiteTeam "Saanenland"]
[BlackTeam "Markt Oberdorf"]

1. e4 c5 2. Nf3 Nc6 3. Bb5 g6 4. Bxc6 bxc6 5. O-O Bg7 6. Re1 d6 7. e5 dxe5 8.
Nxe5 Qd6 9. Nc4 Qc7 10. d3 Be6 11. Nba3 Nf6 12. Qe2 O-O 13. Bg5 Nd5 14. Qd2
Rfe8 15. Rad1 Rad8 16. h3 Bf5 17. Nb1 f6 18. Be3 Nb6 19. Qa5 Qb7 20. Qxc5 Nxc4
21. Qxc4+ Kh8 22. b3 e5 23. Nd2 Be6 24. Qa4 Qb5 25. Qh4 f5 26. a4 Qa6 27. f3
Rd5 28. Qf2 c5 29. f4 e4 30. dxe4 fxe4 31. Nxe4 Red8 32. Rxd5 1-0

[Event "Bad Woerishofen 2017 - Senioren"]
[Site "Bad Woerishofen"]
[Date "2017.03.15"]
[Round "5.25"]
[White "Klett, Thomas"]
[Black "Krueger, Norbert"]
[Result "1/2-1/2"]
[WhiteElo "1896"]
[BlackElo "2006"]
[Annotator "chessorg"]
[PlyCount "44"]
[EventDate "2017.??.??"]
[WhiteTeam "SV Urach"]
[BlackTeam "Ratinger SK"]

1. c4 f5 2. g3 Nf6 3. Bg2 d6 4. Nc3 e5 5. d3 Be7 6. f4 O-O 7. Nf3 Nc6 8. O-O
Qe8 9. Nd5 Bd8 10. e3 a5 11. a3 a4 12. Ng5 Na5 13. Nxf6+ Bxf6 14. Bd2 Nb3 15.
Rb1 Nxd2 16. Qxd2 Qe7 17. h4 c6 18. Nh3 Be6 19. Ng5 Bd7 20. b3 Rfb8 21. b4 h6
22. Nh3 Be6 1/2-1/2

[Event "Bad Woerishofen 2017 - Senioren"]
[Site "Bad Woerishofen"]
[Date "2017.03.14"]
[Round "5.26"]
[White "Mcandrew, Robert"]
[Black "Schmidt, Ruediger"]
[Result "1/2-1/2"]
[WhiteElo "1888"]
[BlackElo "2001"]
[Annotator "chessorg"]
[PlyCount "43"]
[EventDate "2017.??.??"]
[WhiteTeam "Gambit bonnevoie"]

1. c4 c6 2. g3 d5 3. Bg2 Nf6 4. Nf3 e6 5. b3 Be7 6. O-O O-O 7. d3 b6 8. Bb2 Bb7
9. Nbd2 c5 10. Ne5 Qc7 11. Ndf3 d4 12. e3 dxe3 13. fxe3 Nfd7 14. Qe2 Bf6 15.
Nxd7 Nxd7 16. d4 Rad8 17. Rad1 Be4 18. Nh4 Bg6 19. Nxg6 hxg6 20. Qf2 Qd6 21.
dxc5 Qxc5 22. Bd4 1/2-1/2

[Event "Bad Woerishofen 2017 - Senioren"]
[Site "Bad Woerishofen"]
[Date "2017.03.15"]
[Round "5.27"]
[White "Speicher, Franz"]
[Black "Rahn, Oskar"]
[Result "1-0"]
[WhiteElo "1886"]
[BlackElo "2088"]
[Annotator "chessorg"]
[PlyCount "77"]
[EventDate "2017.??.??"]
[WhiteTeam "Dicker Turm Esslingen"]

1. d4 Nf6 2. Bg5 d5 3. Bxf6 exf6 4. e3 Bf5 5. Nd2 c6 6. g3 Be7 7. Bg2 Na6 8. a3
Qd7 9. Ne2 Nc7 10. h3 h5 11. Nf4 g6 12. c4 dxc4 13. Nxc4 Ne6 14. e4 Nxf4 15.
gxf4 Be6 16. d5 cxd5 17. exd5 Bf5 18. Ne3 Bd6 19. Nxf5 Qxf5 20. Qa4+ Kf8 21.
O-O Kg7 22. Rfe1 Bxf4 23. Re7 Bd6 24. Rxb7 Rab8 25. Rxb8 Rxb8 26. b4 Rc8 27.
Qb3 Qe5 28. Qd1 Rc3 29. Kf1 Qf4 30. Qe1 Be5 31. d6 Bxd6 32. Qxc3 Be5 33. Qc1
Qd4 34. Rb1 Qd3+ 35. Kg1 Bf4 36. Qb2 Be5 37. Qb3 Qf5 38. Rd1 Qf4 39. Qf3 1-0

[Event "Bad Woerishofen 2017 - Senioren"]
[Site "Bad Woerishofen"]
[Date "2017.03.15"]
[Round "5.28"]
[White "Villing, Dieter"]
[Black "Klimpel, Siegfried"]
[Result "1-0"]
[WhiteElo "2089"]
[BlackElo "1865"]
[PlyCount "61"]
[EventDate "2017.??.??"]
[WhiteTeam "SK 1962 Ladenburg"]
[BlackTeam "TSV Kareth - Lappersdorf"]

1. e4 c5 2. Nf3 Nc6 3. Bb5 e6 4. O-O Nge7 5. Re1 a6 6. Bf1 d5 7. exd5 Nxd5 8.
b3 Be7 9. Bb2 Bf6 10. c3 O-O 11. Ba3 Be7 12. d4 cxd4 13. Bxe7 Qxe7 14. Nxd4
Nxd4 15. Qxd4 Rd8 16. Rd1 Bd7 17. c4 Nb4 18. Qc3 Rac8 19. a3 Nd5 20. Qf3 Qf6
21. Nd2 Qxf3 22. Nxf3 Ne7 23. Ne5 Be8 24. f4 f6 25. Nf3 Nf5 26. Kf2 Kf8 27. g4
Nd6 28. Re1 f5 29. Ng5 Bd7 30. Bg2 Ke8 31. Rad1 1-0